| 000 -LEADER |
| fixed length control field |
00351cam a22001097a 4500 |
| 008 - FIXED-LENGTH DATA ELEMENTS--GENERAL INFORMATION |
| fixed length control field |
180718b xxu||||| |||| 00| 0 eng d |
| 082 ## - DEWEY DECIMAL CLASSIFICATION NUMBER |
| Classification number |
Y26x54 In2 |
| 245 ## - TITLE STATEMENT |
| Title |
National energy policy |
| Statement of responsibility, etc. |
by Lok Sabha Secretatariat, India |
| 260 ## - PUBLICATION, DISTRIBUTION, ETC. |
| Place of publication, distribution, etc. |
Delhi |
| Name of publisher, distributor, etc. |
Lok Sabha Secretatariat |
| Date of publication, distribution, etc. |
|
| 500 ## - GENERAL NOTE |
| General note |
Contents : Library has 1987, 1989 |
| 700 ## - ADDED ENTRY--PERSONAL NAME |
| Personal name |
India.Lok Sabha Secretatariat |